000 02887nam0a2200409 4500
001 RU\NLR\BIBL_A\011457635
005 20260408071801.0
010 _a9785970442289
_91000
021 _aRU
_b2017-55400
_93943
035 _a(RuMoRGB)008946487
035 _a(NLR Aleph) 011457635
090 _a11785675
_c11785675
100 _a20170817d2018 y0rusy50 ca
101 0 _arus
102 _aRU
105 _aa|||j|||001zy
200 1 _aЭкономика здравоохранения
_eучебник для использования в учебном процессе образовательных организаций, реализующих программы высшего образования по направлению подготовки 38.04.01 "Экономика" (уровень магистратуры)
_eучебное пособие для использования в учебном процессе образовательных организаций, реализующих программы высшего образования по направлению подготовки 31.05.01 "Лечебное дело", 35.05.02 "Педиатрия", 31.05.03 "Стоматология"
_f[Засимова Людмила Сергеевна - канд. экон. наук, доц., Колосницына Марина Григорьевна - канд. экон. наук, проф., Окушко Наталия Борисовна - канд. физ.-мат. наук, доц. и др.]
_gпод редакцией М. Г. Колосницыной [и др.]
_gМ-во образования и науки РФ
205 _a2-е изд., перераб. и доп.
210 _aМосква
_cГЭОТАР-Медиа
_d2018
_d[т. е. 2017]
215 _a461 с.
_cил., табл.
_d21
300 _aАвт. указаны на 8-й с.
300 _aКн. фактически издана в 2017 г.
320 _aБиблиогр.: с. 434-454 (274 назв.)
320 _aПредм. указ.: с. 455-461
606 _aЗдравоохранение
_jУчебники для высших учебных заведений
_xЭкономика
_91347748
_3RU\NLR\AUTH\66247667
686 _aР11(2)к4я73-1
_2rubbk
686 1 _aР11(2)к4я73-1
701 1 _aЗасимова
_bЛ. С.
_gЛюдмила Сергеевна
701 1 _aКолосницына
_bМ. Г.
_gМарина Григорьевна
701 1 _aОкушко
_bН. Б.
_gНаталия Борисовна
702 1 _aКолосницына
_bМ. Г.
_gМарина Григорьевна
_4340
712 0 1 _4570
_aРоссийская Федерация
_bМинистерство образования и науки
_3RU\NLR\AUTH\8810055913
_9612498
942 _cBOOK
980 _aNBR